| 000 | 00414nam a2200157Ia 4500 | ||
|---|---|---|---|
| 008 | 210716s2010 xx 000 0 und d | ||
| 020 | _a9788184895155 | ||
| 041 | _aeng | ||
| 082 | _a005.1331 CAPD | ||
| 100 | _aCapper, Derek. | ||
| 245 | _aIntroducing c++ for scientists, engineers and mathematicians. | ||
| 250 | _a2 | ||
| 260 |
_aNew Delhi _bSpringer _c2010 |
||
| 300 | _axvi,544 | ||
| 650 | _aC++ Progamming | ||
| 999 |
_c194566 _d194566 |
||